| 000 | 00000nam##2200000za#4500 |
| 001 | 9.575582 |
| 003 | CaOODSP |
| 005 | 20210624184731 |
| 007 | cr ||||||||||| |
| 008 | 150406|2008||||xxc|||||o f|0| 0 eng|d |
| 040 | |aCaOODSP|beng |
| 043 | |an-cn--- |
| 086 | 1 |aTU3-5/08-18E-PDF |
| 110 | 2 |aTransportation Safety Board of Canada. |
| 245 | 10|aNose landing, gear failure during landing - Air Creebec Inc. Embraer EMB-110P1 C-FPCU Cochrane, Ontario, 31 August 2008 |h[electronic resource] |
| 260 | |aGatineau - Quebec : |bTransportation Safety Board of Canada |c[2008]. |
| 300 | |a9p.|bcoloured illus., figs. |
| 490 | 1 |aAviation investigation report |vA08O0235 |
| 590 | |a13-03-Supp|b2013-02-11 |
| 775 | 08|tRupture du train avant à l'atterrissage de l'Embraer EMB-110P1 C-FPCU exploité par Air Creebec Inc. à Cochrane (Ontario), le 31 août 2008 |w(CaOODSP)9.605080 |
| 830 | #0|aAviation investigation report ;|vA08O0235|w(CaOODSP)9.504825 |
| 856 | 40|ahttp://publications.gc.ca|qPDF|s300 KB|uhttps://publications.gc.ca/collections/collection_2013/bst-tsb/TU3-5-08-18-eng.pdf|yA08O0235 |